Mlha /
Mrtví nemlčí. Třetí díl atmosférické detektivní série.
Uloženo v:
| Série: | August Strindberg,
část 3 |
|---|---|
| Hlavní autor: | |
| Další autoři: | |
| Médium: | E-kniha |
| Jazyk: | Czech |
| Vydáno: |
Praha :
Kniha Zlin,
2024
|
| Vydání: | Vydání první |
| Témata: | |
| Příbuzné jednotky: | Z cyklu::
August Strindberg |
| Tagy: |
Žádné tagy |
| LEADER | 02547nam a2200481 i 4500 | ||
|---|---|---|---|
| 001 | 312503 | ||
| 003 | CZ PrSKC | ||
| 005 | 20260601215723.0 | ||
| 007 | ta | ||
| 008 | 240923s2024 xr g 000 f cze | ||
| 015 | |a cnb003631479 | ||
| 020 | |a 9788076627048 |q (vázáno) : |c Kč 549,00 | ||
| 035 | |a (OCoLC)1468020989 | ||
| 040 | |a ABG001 |b cze |e rda | ||
| 041 | 1 | |a cze |h swe | |
| 072 | 7 | |a 821.11 |x Germánské literatury |2 Konspekt | |
| 080 | |a 821.113.6-31 |2 MRF | ||
| 080 | |a (0:82-312.4) |2 MRF | ||
| 100 | 1 | |a Ohlsson, Kristina, |d 1979- |7 osa2013754787 |4 aut | |
| 240 | 1 | 0 | |a Skuggläge. |l Česky |
| 245 | 1 | 0 | |a Mlha / |c Kristina Ohlssonová ; přeložila Vendula Nováková |
| 250 | |a Vydání první | ||
| 264 | 1 | |a Praha : |b Kniha Zlin, |c 2024 | |
| 300 | |a 494 stran ; |c 21 cm | ||
| 336 | |a text |b txt |2 rdacontent | ||
| 337 | |a bez média |b n |2 rdamedia | ||
| 338 | |a svazek |b nc |2 rdacarrier | ||
| 500 | |a Přeloženo ze švédštiny | ||
| 520 | 2 | |a Mrtví nemlčí. Třetí díl atmosférické detektivní série. |b Léto vrcholí, slunce se třpytí na mořské hladině a v Hovenäsetu se chystá soutěž v pečení, které se účastní i August Strindberg. Pak se ale přivalí mlha a idylkou otřese nález mrtvého muže oběšeného na pláži. Nikdo ho nezná a inspektorka Maria Martinssonová si klade otázku: Kdo to je a co ho sem přivedlo? Stopy vyšetřování vedou až k létu roku 1989, kdy ve zdejším domě našli rozčtvrcenou ženu. Byl tehdy vážně odsouzen její vrah? A jak daleko zajdou ti, kteří chtějí, aby tajemství minulosti zůstala skryta? Nakladatelská anotace. | |
| 655 | 7 | |a švédské romány |7 fd133923 |2 czenas | |
| 655 | 7 | |a detektivní romány |7 fd132010 |2 czenas | |
| 655 | 7 | |a thrillery (romány) |7 fd184206 |2 czenas | |
| 655 | 9 | |a Swedish fiction |2 eczenas | |
| 655 | 9 | |a detective novels |2 eczenas | |
| 655 | 9 | |a thrillers (novels) |2 eczenas | |
| 700 | 1 | |a Nováková, Vendula, |d 1981- |7 xx0174336 |4 trl | |
| 787 | 0 | 8 | |i Z cyklu: |t August Strindberg |g 3 |
| 900 | |a ABA001 |b 21 | ||
| 928 | 9 | |a Albatros Media - Kniha Zlin | |
| 044 | |a xr | ||
| 910 | |a RBIT002 | ||
| 998 | |d 414222 |a https://core.palmknihy.cz/api/books/414222/cover?sjvq4n |b https://core.palmknihy.cz/api/books/414222/cover/400?sjvq4n |c https://core.palmknihy.cz/api/books/414222/cover/50?sjvq4n |e 2027-08-24 |g 504 |i 9788076627048 |j https://core.palmknihy.cz/api/books/414222/preview.epub |k https://core.palmknihy.cz/api/books/414222/preview.pdf |l |q 49 |r 1 |s https://www.palmknihy.cz/kniha/414222 |t ebook |y 2024 |z 0 |v August Strindberg |w 3 | ||
| 999 | |d 312501 | ||